Sledovanie odpovede bunkových línií akútnej myeloidnej leukémie na terapeutiká využívané v liečbe hematoonkologických ochorení bakalárska práca
Salvato in:
| Autore principale: | |
|---|---|
| Natura: | Libro |
| Lingua: | slovacco |
| Pubblicazione: |
Bratislava
STU FCHPT
2019
|
| Accesso online: | Visualizza in OPAC |
| Tags: |
Nessun Tag, puoi essere il primo ad aggiungerne!!
|
MARC
| LEADER | 00000nam a2200000 a 4500 | ||
|---|---|---|---|
| 005 | 20260127134046.0 | ||
| 008 | 190806 2019 xo a 001 0 slo d | ||
| 035 | |a vtls011880389 | ||
| 039 | 9 | |y 201908061228 |z mschk03 | |
| 040 | |a STUSCHK1 |b slo |c STUSCHK1 |e AACR2 | ||
| 100 | 1 | |a Hucsková, Zuzana | |
| 245 | 1 | |a Sledovanie odpovede bunkových línií akútnej myeloidnej leukémie na terapeutiká využívané v liečbe hematoonkologických ochorení |b bakalárska práca |c Zuzana Hucsková | |
| 260 | |a Bratislava |b STU FCHPT |c 2019 | ||
| 300 | |a 52 s. |b Obr. |c 25 cm | ||
| 500 | |a Študijný program: biotechnológia | ||
| 500 | |a Študijný odbor: biotechnológie | ||
| 500 | |a Školiace pracovisko: Centrum Biovied, Ústav molekulárnej fyziológie a genetiky SAV, Ústav biochémie a mikrobiológie | ||
| 500 | |a Evid. číslo: FCHPT-5419-86647 | ||
| 910 | |a SCHK95 | ||
| 999 | |c 3121 |d 3121 | ||